[Event "46th GRE-chT Premier 2018"]
[Site "Rio Achaia"]
[Date "2018.07.11"]
[Round "3"]
[White "Almasi, Zoltan"]
[Black "Postny, Evgeny"]
[Result "1/2-1/2"]
[WhiteElo "2699"]
[BlackElo "2585"]
[Annotator "TA"]
[PlyCount "79"]
[EventDate "2018.07.10"]
[EventType "team-tourn"]
[EventCountry "GRE"]
[SourceTitle "playchess.com"]
[Source "ChessBase"]
[SourceQuality "1"]

{[%evp 18,79,5,8,4,0,0,0,0,0,0,0,0,0,10,0,0,0,0,0,22,0,0,-14,0,-11,0,0,0,0,0,0,0,0,0,0,0,0,0,0,0,0,0,0,0,0,0,0,0,0,0,0,0,0,4,0,0,0,0,0,0,0,0,-4]} 1. e4 c6 2. d4 d5 3. e5 Bf5 4. Nd2 e6 5. Nb3 c5 (5... Nd7 6. Nf3 Ne7 7. Be2 Ng6 8. O-O f6 9. c4 dxc4 10. Bxc4 fxe5 11. Ng5 Qf6 12. g4 Nf4 13. Bxf4 exf4 14. Nxe6 Bxe6 15. Bxe6 {½-½ (46) Grischuk,A (2766)-Mamedyarov,S (2808) Paris 2018}) 6. dxc5 {B12: Caro-Kann: Advance Variation} Bxc5 7. Bb5+ Nc6 8. a4 Qb6 9. Nxc5 Qxc5 10. c3 {LiveBook: 3 Games. The position is equal.} Qb6 11. Nf3 Qc7 $146 ({Predecessor:} 11... Bg4 12. Qd4 Bxf3 13. Qxb6 axb6 14. gxf3 Kd8 15. Rg1 g6 16. Bg5+ Kc7 17. O-O-O h6 18. Be3 {½-½ (18) Solak,D (2632)-Zontakh,A (2538) Palic 2014}) 12. Be3 Bg4 13. O-O Nge7 14. Bc5 Bxf3 15. Qxf3 Qxe5 16. c4 dxc4 17. Qa3 a6 18. Bxc4 Qf6 19. Rad1 O-O 20. Rd7 {[%cal Rc5e7]} b5 21. Be2 {[%cal Rc5e7,Bc4e2,Be2f3,Bf3b7][%mdl 32]} ({Of course not} 21. Rxe7 bxc4 22. Bd6 Nxe7 $17) 21... Rfe8 22. Bf3 {[#] Black must now prevent Bxe7.} Rac8 23. Bxe7 Nxe7 24. Bb7 {Hoping for Rxe7.} Rcd8 25. Rxd8 $1 Rxd8 26. a5 e5 {[#]} 27. Bxa6 $1 {[%mdl 512]} Qxa6 28. Qxe7 {[%cal Re7d8]} Qxa5 29. Qxe5 $11 {[%mdl 4096] Endgame KQR-KQR} Qb4 30. h3 Qc4 31. Re1 {White wants to mate with Qe8+!} h6 32. Re4 Qd5 33. Qxd5 Rxd5 {KR-KR} 34. Re8+ Kh7 35. Rb8 Rd1+ 36. Kh2 Rd2 37. Rxb5 Rxf2 38. Kg3 Rd2 39. Rb6 g5 40. Rf6 {Precision: White = 74%, Black = 93%.} 1/2-1/2

[Event "46th GRE-chT Premier 2018"]
[Site "Rio Achaia"]
[Date "2018.07.11"]
[Round "3"]
[White "Papaioannou, Ioannis"]
[Black "Theodorou, Nikolas"]
[Result "1/2-1/2"]
[WhiteElo "2647"]
[BlackElo "2513"]
[Annotator "ChessBase"]
[PlyCount "27"]
[EventDate "2018.07.10"]
[EventType "team-tourn"]
[EventCountry "GRE"]
[SourceTitle "playchess.com"]
[Source "ChessBase"]
[SourceQuality "1"]
[TimeControl "40/5400+30:1800+30"]

1. e4 {[%emt 0:00:00]} e5 {[%emt 0:00:00]} 2. Nf3 {[%emt 0:00:18]} Nc6 {[%emt 0:00:00]} 3. Bb5 {[%emt 0:00:35]} a6 {[%emt 0:00:21]} 4. Ba4 {[%emt 0:00:26]} Nf6 {[%emt 0:00:21]} 5. O-O {[%emt 0:01:15]} Be7 {[%emt 0:00:58]} 6. Re1 {[%emt 0:01:00]} b5 {[%emt 0:00:33]} 7. Bb3 {[%emt 0:00:06]} O-O {[%emt 0:00:42]} 8. c3 {[%emt 0:00:55]} d6 {[%emt 0:00:43]} 9. h3 {[%emt 0:00:42]} Bb7 {[%emt 0:00:56]} 10. d4 {[%emt 0:00:51]} Re8 {[%emt 0:00:46]} 11. Ng5 {[%emt 0:00:30]} Rf8 {[%emt 0:00:09]} 12. Nf3 {[%emt 0:00:09]} Re8 {[%emt 0:00:31]} 13. Ng5 {[%emt 0:00:07]} Rf8 {[%emt 0:00:06]} 14. Nf3 {[%emt 0:00:06]} 1/2-1/2

[Event "46th GRE-chT Premier 2018"]
[Site "Rio Achaia"]
[Date "2018.07.11"]
[Round "3"]
[White "Erdos, Viktor"]
[Black "Sadzikowski, Daniel"]
[Result "1/2-1/2"]
[WhiteElo "2619"]
[BlackElo "2567"]
[Annotator "TA"]
[PlyCount "60"]
[EventDate "2018.07.10"]
[EventType "team-tourn"]
[EventCountry "GRE"]
[SourceTitle "playchess.com"]
[Source "ChessBase"]
[SourceQuality "1"]

{[%evp 19,60,21,15,16,16,5,5,6,8,3,31,0,0,0,8,8,8,10,10,8,10,4,13,0,0,0,0,0,0,0,0,0,0,0,0,0,0,0,0,0,0,0,0]} 1. Nf3 c5 2. c4 Nc6 3. Nc3 e5 4. e3 Nf6 5. Be2 d5 6. d4 {A34: Symmetrical English: 2 Nc3, lines with ...d5} cxd4 7. exd4 e4 8. Ne5 dxc4 9. Bxc4 Nxe5 10. dxe5 Qxd1+ {LiveBook: 7 Games} 11. Kxd1 Ng4 $1 {[%cal Rg4f2]} 12. e6 Bxe6 13. Bxe6 fxe6 ({Reject} 13... Nxf2+ 14. Ke2 $14) 14. Nxe4 {[#]} h6 $146 (14... Rc8 {looks sharper.} 15. Bf4 Nf6 16. Re1 Rc4 17. f3 Be7) 15. Be3 Nxe3+ {The position is equal.} 16. fxe3 O-O-O+ 17. Ke2 Be7 18. Raf1 Rhf8 19. Rxf8 (19. Rc1+ {keeps more tension.} Kb8 20. Rc4 Rc8 21. Rhc1 b6 22. g4) 19... Rxf8 $11 {[%mdl 4096] Endgame KRB-KRN} 20. g4 Kd7 21. h3 Rc8 22. Kd3 Bf6 23. b3 Ke7 24. a4 Be5 25. Rf1 Rd8+ 26. Ke2 Rc8 27. Kd3 Rd8+ 28. Ke2 Rc8 29. Kd3 Rd8+ 30. Ke2 Rc8 {Precision: White = 67%, Black = 85%.} 1/2-1/2

[Event "46th GRE-chT Premier 2018"]
[Site "Rio Achaia"]
[Date "2018.07.11"]
[Round "3"]
[White "Istratescu, Andrei"]
[Black "Drakoulakos, Grigorios"]
[Result "1-0"]
[WhiteElo "2575"]
[BlackElo "2276"]
[Annotator "TA"]
[PlyCount "65"]
[EventDate "2018.07.10"]
[EventType "team-tourn"]
[EventCountry "GRE"]
[SourceTitle "playchess.com"]
[Source "ChessBase"]
[SourceQuality "1"]

{[%evp 32,65,18,28,22,10,51,29,60,68,69,75,79,73,76,72,79,72,98,100,172,159,167,160,237,179,205,178,381,168,147,168,549,552,29998,29999]} 1. e4 c5 2. Nf3 d6 3. d4 cxd4 4. Nxd4 Nf6 5. Nc3 a6 6. f3 e5 7. Nb3 Be6 8. Be3 Be7 9. Qd2 O-O 10. O-O-O Nbd7 11. g4 b5 12. g5 b4 13. gxf6 {B90: Sicilian Najdorf: Unusual White 6th moves, 6 Be3 Ng4 and 6 Be3 e5} (13. Na4 Nh5 14. Qxb4 Bxg5 15. Bxg5 Qxg5+ 16. Kb1 Qf6 17. Qxd6 Qxf3 18. Rg1 Qe3 19. Bxa6 Nhf6 20. Rge1 Qa7 {1-0 (43) Yu,Y (2760)-Duda,J (2724) Liaocheng 2018}) 13... bxc3 14. Qxc3 Nxf6 15. Na5 Qd7 16. Nc6 Rfc8 17. Nxe7+ {LiveBook: 14 Games} Qxe7 18. Qa5 Qb7 19. Rg1 Qc6 {[%csl Gc8][%cal Rc6c2] [#]} 20. Rd2 $146 ({Predecessor:} 20. Bd3 Bc4 21. Bxc4 Qxc4 {1-0 (45) Paehtz,E (2452)-Sebag,M (2501) Beijing 2013}) 20... Kh8 21. b3 h6 22. Bd3 d5 23. Rdg2 Nh5 24. Kb2 Bh3 25. Rf2 ({Reject} 25. exd5 $6 Qf6 $11) 25... Nf6 (25... Qf6 $16) 26. exd5 Qxd5 27. Qd2 h5 (27... g6 $16 28. c4 (28. Bxh6 Qd4+ 29. Kb1 Nd5 $16) 28... Qe6 29. Bxh6 Rab8) 28. Rg3 Qd7 29. Bc4 Qb7 $2 (29... Rxc4 30. Qxd7 Bxd7) 30. Rxh3 (30. Bg5 $142 {Bxf6 would kill now.} Nh7 31. Bd5 (31. Rxh3 Rxc4 32. Rxh5 Rac8 $16)) 30... Rxc4 $18 {[#]} 31. Bg5 $1 {[%cal Rg5f6] Threatens to win with Bxf6.} Qc8 $2 (31... Nh7) 32. Bxf6 {Threatening mate with Qh6+.} ({Not} 32. bxc4 Qxh3 33. Bxf6 gxf6 $18) 32... Qxh3 33. Qh6+ $1 {Precision: White = 73%, Black = 13%.} 1-0

[Event "46th GRE-chT Premier 2018"]
[Site "Rio Achaia"]
[Date "2018.07.11"]
[Round "3"]
[White "Fier, Alexandr"]
[Black "Fedorchuk, Sergey A"]
[Result "1/2-1/2"]
[WhiteElo "2570"]
[BlackElo "2626"]
[Annotator "TA"]
[PlyCount "61"]
[EventDate "2018.07.10"]
[EventType "team-tourn"]
[EventCountry "GRE"]
[SourceTitle "playchess.com"]
[Source "ChessBase"]
[SourceQuality "1"]

{[%evp 15,61,3,19,21,21,1,4,0,1,8,26,20,27,18,31,-19,-21,-26,35,28,45,29,37,28,46,0,8,3,28,0,52,32,44,-34,0,0,0,0,0,-7,0,0,64,60,60,63,59,44]} 1. e4 e5 2. Nf3 Nc6 3. Bb5 Nf6 4. d3 Bc5 5. c3 O-O 6. O-O {C65: Ruy Lopez: Berlin Defence (3...Nf6), unusual lines and 4 0-0 Bc5} Re8 7. Re1 (7. Nbd2 a6 8. Bxc6 dxc6 9. Nc4 Bd6 10. Bg5 b5 11. Ne3 Qe7 12. Nh4 Qe6 13. Nhf5 Bf8 {½-½ (53) Caruana,F (2804)-Nakamura,H (2787) Saint Louis 2018}) 7... a6 8. Ba4 b5 {LiveBook: 21 Games} 9. Bc2 d6 10. h3 h6 11. Nbd2 {[%cal Bb1d2,Bd2f1,Bf1g3][%mdl 32]} Bb6 12. Nf1 Ne7 13. Ng3 $146 ({Predecessor:} 13. d4 Ng6 {½-½ (45) Guadalupe,F (2217)-Finegold,S (2125) ICC INT 2014}) 13... Ng6 14. d4 Bb7 15. Be3 exd4 16. cxd4 Ba5 (16... Bxe4 $11 17. Nxe4 Nxe4) 17. Bd2 $14 Bxd2 18. Qxd2 c5 19. Rad1 Qc7 20. h4 {[%cal Bh3h4,Bh4h5][%mdl 32]} Rad8 21. h5 Nf8 22. d5 N8d7 (22... N8h7 $11) 23. Nh4 Bc8 24. f4 (24. Nhf5 $14 Ne5 25. Qf4) 24... c4 25. Nhf5 Qc5+ 26. Qd4 Qxd4+ 27. Nxd4 Nc5 28. Nc6 Bg4 (28... Rd7 $11) 29. Nxd8 {Nc6 is the strong threat.White is slightly better.} Bxd1 30. Rxd1 {Strongly threatening e5.} Rxd8 31. Kf2 {Precision: White = 60%, Black = 48%.} 1/2-1/2

[Event "46th GRE-chT Premier 2018"]
[Site "Rio Achaia"]
[Date "2018.07.11"]
[Round "3"]
[White "Boruchovsky, Avital"]
[Black "Macieja, Bartlomiej"]
[Result "1/2-1/2"]
[WhiteElo "2558"]
[BlackElo "2525"]
[Annotator "RC"]
[PlyCount "195"]
[EventDate "2018.07.10"]
[EventType "team-tourn"]
[EventCountry "GRE"]
[SourceTitle "playchess.com"]
[Source "ChessBase"]
[SourceQuality "1"]
[TimeControl "40/5400+30:1800+30"]

1. e4 {[%emt 0:00:00]} c6 {[%emt 0:01:33]} 2. d4 {[%emt 0:00:00]} d5 {[%emt 0:00:06]} 3. e5 {[%emt 0:00:00]} Bf5 {[%emt 0:00:05]} 4. Nf3 {[%emt 0:00:01]} e6 {[%emt 0:00:04]} 5. Be2 {[%emt 0:00:14]} Ne7 {[%emt 0:00:05]} 6. c3 {[%emt 0:00:11]} Nd7 {[%emt 0:09:55]} 7. O-O {[%emt 0:00:38]} c5 {[%emt 0:05:15]} 8. Nh4 {[%emt 0:05:13]} Qb6 {[%emt 0:27:47]} 9. dxc5 Qxc5 {[%emt 0:03:41]} 10. Na3 {[%emt 0:14:52]} a6 {[%emt 0:06:57]} 11. Be3 {[%emt 0:04:04]} Qc7 {[%emt 0:00:55]} 12. c4 {[%emt 0:02:33]} Be4 {[%emt 0:02:43]} 13. f3 {[%emt 0:00:18]} Bg6 {[%emt 0:00:27]} 14. f4 {[%emt 0:00:18]} Be4 {[%emt 0:18:21]} 15. Rc1 {[%emt 0:05:33]} Nc6 {[%emt 0:00:26]} 16. Bf3 {[%emt 0:09:37]} Bxf3 {[%emt 0:11:52]} 17. Nxf3 {[%emt 0:00:20]} Bxa3 {[%emt 0:02:19]} 18. cxd5 {[%emt 0:00:20]} Bxb2 {[%emt 0:00:10]} 19. dxc6 {[%emt 0:00:14]} Bxc1 {[%emt 0:05:10]} 20. cxd7+ {[%emt 0:02:31]} Qxd7 {[%emt 0:00:01]} 21. Qxd7+ {[%emt 0:05:54]} Kxd7 {[%emt 0:00:01]} 22. Rd1+ {[%emt 0:00:10]} Ke7 {[%emt 0:00:09]} 23. Bxc1 {[%emt 0:00:05]} Rhd8 {[%emt 0:01:09]} 24. Ba3+ {[%emt 0:00:53]} Ke8 {[%emt 0:00:01]} 25. Bd6 {[%emt 0:00:59]} Rac8 {[%emt 0:00:12]} 26. Nd4 {[%emt 0:02:14]} g6 {[%emt 0:00:34]} 27. Nf3 {[%emt 0:01:18]} h6 {[%emt 0:02:10]} 28. Nd2 {[%emt 0:06:40]} f5 {[%emt 0:00:20]} 29. Nb3 {[%emt 0:01:59]} Kf7 {[%emt 0:00:58]} 30. Rd2 {[%emt 0:00:23]} Rc4 {[%emt 0:00:38]} 31. Na5 {[%emt 0:00:24]} Rc1+ {[%emt 0:00:44]} 32. Kf2 {[%emt 0:00:02]} b6 {[%emt 0:00:09]} 33. Nb3 {[%emt 0:00:11]} Rc4 {[%emt 0:00:03]} 34. Nd4 {[%emt 0:03:23]} Rdc8 {[%emt 0:00:11]} 35. h4 {[%emt 0:00:44]} b5 {[%emt 0:01:41]} 36. a3 {[%emt 0:00:33]} Rc1 {[%emt 0:00:22]} 37. Bb4 {[%emt 0:00:32]} Rd8 {[%emt 0:00:44]} 38. Nxb5 {[%emt 0:00:59]} Rxd2+ {[%emt 0:00:19]} 39. Bxd2 {[%emt 0:00:04]} Rc2 {[%emt 0:00:41]} 40. Nd6+ {[%emt 0:00:00]} Ke7 {[%emt 0:00:00]} 41. Ke2 {[%emt 0:00:45]} Ra2 {[%emt 0:06:04]} 42. Nc4 {[%emt 0:00:09]} Kd7 {[%emt 0:00:09]} 43. a4 {[%emt 0:09:53]} Ra1 {[%emt 0:22:00]} 44. a5 {[%emt 0:01:31]} h5 {[%emt 0:02:09]} 45. Ne3 {[%emt 0:01:43]} Kc6 {[%emt 0:01:30]} 46. g3 {[%emt 0:05:50]} Ra2 {[%emt 0:00:15]} 47. Kd3 {[%emt 0:01:06]} Ra1 {[%emt 0:01:47]} 48. Ke2 {[%emt 0:02:50]} Ra2 {[%emt 0:00:19]} 49. Ke1 {[%emt 0:00:03]} Ra3 {[%emt 0:00:34]} 50. Kf2 {[%emt 0:00:11]} Ra2 {[%emt 0:00:43]} 51. Ke2 {[%emt 0:00:02]} Ra3 {[%emt 0:00:13]} 52. Be1 {[%emt 0:01:32]} Kc5 {[%emt 0:00:46]} 53. Nc2 {[%emt 0:00:30]} Rb3 {[%emt 0:00:20]} 54. Ne3 {[%emt 0:06:54]} Kd4 {[%emt 0:00:40]} 55. Nf1 {[%emt 0:01:01]} Kd5 {[%emt 0:00:31]} 56. Nd2 {[%emt 0:01:17]} Ra3 {[%emt 0:00:26]} 57. Nf3 {[%emt 0:00:44]} Rb3 {[%emt 0:00:34]} 58. Ng5 {[%emt 0:02:24]} Rb2+ {[%emt 0:00:30]} 59. Kf3 {[%emt 0:01:09]} Rb1 {[%emt 0:00:29]} 60. Ke2 {[%emt 0:00:15]} Rb2+ {[%emt 0:00:07]} 61. Kf1 {[%emt 0:00:04]} Rb7 {[%emt 0:00:44]} 62. Bf2 {[%emt 0:00:49]} Rb1+ {[%emt 0:00:13]} 63. Be1 {[%emt 0:01:44]} Rb7 {[%emt 0:00:01]} 64. Nf3 {[%emt 0:01:18]} Rb1 {[%emt 0:01:05]} 65. Ng1 {[%emt 0:04:04]} Ke4 {[%emt 0:00:42]} 66. Nh3 {[%emt 0:00:26]} Kd5 {[%emt 0:00:12]} 67. Nf2 {[%emt 0:00:07]} Rb3 {[%emt 0:00:37]} 68. Nd1 {[%emt 0:00:28]} Ra3 {[%emt 0:00:27]} 69. Ke2 {[%emt 0:01:18]} Ke4 {[%emt 0:00:28]} 70. Bd2 {[%emt 0:03:51]} Rxg3 {[%emt 0:00:51]} 71. Be3 {[%emt 0:00:29]} Kd5 {[%emt 0:00:18]} 72. Kf2 {[%emt 0:01:12]} Rg4 {[%emt 0:00:36]} 73. Kf3 {[%emt 0:00:04]} Rxh4 {[%emt 0:00:25]} 74. Nf2 {[%emt 0:00:05]} Kc6 {[%emt 0:00:44]} 75. Kg3 {[%emt 0:00:17]} Rg4+ {[%emt 0:00:29]} 76. Nxg4 {[%emt 0:00:06]} fxg4 {[%emt 0:00:03]} 77. Bb6 {[%emt 0:01:59]} Kd5 {[%emt 0:00:13]} 78. Bd8 {[%emt 0:00:05]} Ke4 {[%emt 0:00:26]} 79. Bg5 {[%emt 0:00:05]} Kf5 {[%emt 0:00:36]} 80. Kg2 {[%emt 0:05:24]} Ke4 {[%emt 0:00:01]} 81. Kf2 {[%emt 0:00:08]} Kd3 {[%emt 0:00:11]} 82. Bh6 {[%emt 0:01:10]} Ke4 {[%emt 0:00:59]} 83. Ke2 {[%emt 0:01:11]} Kd4 {[%emt 0:00:41]} 84. Bg5 {[%emt 0:00:24]} Ke4 {[%emt 0:00:02]} 85. Kf2 {[%emt 0:00:08]} Kd3 {[%emt 0:00:05]} 86. Bd8 {[%emt 0:00:20]} Ke4 {[%emt 0:00:10]} 87. Kg3 {[%emt 0:00:42]} Kf5 {[%emt 0:00:05]} 88. Be7 {[%emt 0:08:05]} Ke4 {[%emt 0:00:02]} 89. Bc5 {[%emt 0:01:49]} Kf5 {[%emt 0:00:11]} 90. Be3 {[%emt 0:00:12]} Ke4 {[%emt 0:00:05]} 91. Bd2 {[%emt 0:00:04]} Kd3 {[%emt 0:00:19]} 92. Be1 {[%emt 0:01:03]} Ke3 {[%emt 0:00:36]} 93. Bf2+ {[%emt 0:00:10]} Ke4 {[%emt 0:00:07]} 94. Bb6 {[%emt 0:06:17]} Kf5 {[%emt 0:00:05]} 95. Bg1 {[%emt 0:00:17]} Ke4 {[%emt 0:01:36]} 96. Bh2 {[%emt 0:06:16]} Ke3 {[%emt 0:00:02]} 97. Bg1+ {[%emt 0:00:19]} Ke4 {[%emt 0:00:03]} 98. Bh2 {[%emt 0:00:06] Kxe5} 1/2-1/2

[Event "46th GRE-chT Premier 2018"]
[Site "Rio Achaia"]
[Date "2018.07.11"]
[Round "3"]
[White "Nikolov, Momchil"]
[Black "Lekic, Dusan"]
[Result "1/2-1/2"]
[WhiteElo "2551"]
[BlackElo "2356"]
[Annotator "TA"]
[PlyCount "54"]
[EventDate "2018.07.10"]
[EventType "team-tourn"]
[EventCountry "GRE"]
[SourceTitle "playchess.com"]
[Source "ChessBase"]
[SourceQuality "1"]

{[%evp 30,54,5,11,5,0,18,14,17,17,31,36,11,12,0,0,0,0,0,0,8,0,0,0,2,0,0]} 1. d4 d5 2. c4 c6 3. Nf3 Nf6 4. Nc3 e6 5. e3 Nbd7 6. Qc2 Bd6 7. Bd3 O-O 8. O-O dxc4 9. Bxc4 b5 10. Be2 Bb7 11. e4 e5 12. dxe5 {D46: Semi-Slav: 5 e3 Nbd7 6 Bd3, Black avoids the Meran} Nxe5 13. Nd4 Neg4 14. g3 Re8 15. Nf5 Bc5 16. Bf4 {LiveBook: 19 Games} Qb6 {[%cal Rg4f2]} 17. Kg2 g6 18. h3 gxf5 19. hxg4 {[#] Hoping for e5.} Bd4 ({Not} 19... fxg4 $2 20. e5 $18) 20. gxf5 Bxc3 {[#]} 21. Qxc3 $146 {The position is equal.} ({Predecessor:} 21. bxc3) 21... Nxe4 22. Qc2 c5 {[%cal Bc6c5,Bc5c4][%mdl 32] [#] And now ...Nd2+ would win.} 23. Bf3 c4 24. Be3 Qc7 25. Bf4 Qb6 26. Be3 Qc7 27. Bf4 Qb6 {Precision: White = 85%, Black = 62%.} 1/2-1/2

[Event "46th GRE-chT Premier 2018"]
[Site "Rio Achaia"]
[Date "2018.07.11"]
[Round "3"]
[White "David, Alberto"]
[Black "Saric, Ivan"]
[Result "0-1"]
[WhiteElo "2549"]
[BlackElo "2689"]
[Annotator "TA"]
[PlyCount "60"]
[EventDate "2018.07.10"]
[EventType "team-tourn"]
[EventCountry "GRE"]
[SourceTitle "playchess.com"]
[Source "ChessBase"]
[SourceQuality "1"]

{[%evp 12,60,0,-20,17,-29,-16,-16,0,0,0,0,0,-1,0,-4,0,0,-3,-21,49,39,29,8,28,14,21,25,20,0,14,-70,-66,-72,0,-50,0,0,-5,-34,0,0,0,0,0,0,0,-39,-1,-300,-256]} 1. Nf3 {Bangiev,A} c5 2. g3 Nc6 3. Bg2 g6 4. d4 cxd4 5. Nxd4 Bg7 6. Nb3 Nf6 7. c4 {LiveBook: 37 Games} a5 {A31: Symmetrical English: 2 Nf3 Nf6 3 d4} 8. Na3 $146 ({Predecessor:} 8. O-O O-O 9. Nc3 d6 10. Na4 Be6 11. c5 d5 12. Be3 Ra6 13. h3 Ne4 14. Nd4 Bc8 15. Nb6 {0-1 (30) Anic,D (2470)-Ivanov,M (2500) Enghien les Bains 1997 CBM 058 [Bangiev,A]}) 8... a4 9. Nd4 {[%cal Bb3d4,Bd4b5,Bb5c3,Bc3d5][%mdl 32]} O-O {The position is equal.} 10. Ndb5 d6 11. O-O Be6 12. Nc3 Nd7 13. Be3 Qa5 14. Bd2 Qh5 15. Rb1 Nde5 (15... Nb6 $11) 16. Nd5 $1 $14 g5 17. Bc3 Bh3 18. f3 Bxg2 19. Kxg2 e6 20. Ne3 Rad8 21. f4 (21. Qxa4 $11 f5 22. Kh1) 21... gxf4 $15 22. gxf4 {[#]} f5 (22... d5 $1 $17 {[%mdl 512]} 23. cxd5 exd5 24. Bxe5 Nxe5 25. fxe5 Bxe5) 23. Qe1 Rf6 {And now ...Rh6 would win.} 24. Kh1 Rh6 $40 {[%csl Gh6][%cal Rh5h2][%mdl 128] Black is up to no good.} 25. Rf2 Ng4 26. Nxg4 fxg4 ({Wrong is} 26... Qxg4 $2 27. Rg2 $18) 27. Bxg7 Kxg7 28. Qc3+ e5 29. Nc2 Rf8 30. Qg3 $2 {[%mdl 8192] [#]} (30. Rbf1 $1 $11) 30... Qf5 {Precision: White = 48%, Black = 51%.} 0-1

[Event "46th GRE-chT Premier 2018"]
[Site "Rio Achaia"]
[Date "2018.07.11"]
[Round "3"]
[White "Baron, Tal"]
[Black "Tsanas, Athanasios"]
[Result "1-0"]
[WhiteElo "2530"]
[BlackElo "2302"]
[Annotator "TA"]
[PlyCount "59"]
[EventDate "2018.07.10"]
[EventType "team-tourn"]
[EventCountry "GRE"]
[SourceTitle "playchess.com"]
[Source "ChessBase"]
[SourceQuality "1"]

{[%evp 30,59,45,52,65,74,76,81,76,73,100,94,175,158,297,258,259,293,287,280,336,331,429,399,366,349,309,46,525,518,498,497]} 1. d4 Nf6 2. c4 e6 3. Nc3 Bb4 4. f3 d5 5. a3 Bxc3+ 6. bxc3 c5 7. cxd5 exd5 8. e3 O-O 9. Bd3 b6 10. Ne2 Ba6 11. O-O Re8 12. Ng3 Bxd3 13. Qxd3 Nc6 14. Bb2 Rc8 15. Rae1 {E49: Nimzo-Indian: Rubinstein: 5 Bd3 d5 6 a3 Bxc3+ 7 bxc3} Na5 (15... Qc7 16. e4 Ne7 17. e5 Nd7 18. a4 cxd4 19. cxd4 Qc2 20. Qxc2 Rxc2 21. Ba3 g6 22. Rc1 Ra2 23. Bxe7 Rxe7 {½-½ (64) Eljanov,P (2739)-Wang,Y (2737) Baku 2016}) 16. e4 {[%cal Be3e4,Be4e5][%mdl 32] LiveBook: 6 Games} Qc7 17. e5 {White is slightly better.} Nd7 18. Rf2 $146 ({Predecessor:} 18. f4 cxd4 19. cxd4 Qc2 20. Qb5 Qc6 21. Qe2 Qc2 22. Qg4 Qxb2 23. Nf5 g6 24. Nh6+ Kg7 25. f5 Rc6 26. Re2 {1-0 (26) Stieger,H (2407)-Korzh,L (2241) ICCF email 2012}) 18... cxd4 19. cxd4 Qc4 20. Qf5 Nf8 (20... Qc6 $16) 21. Qg4 $1 $18 Rc6 (21... Qd3 $16) 22. f4 $1 {[%cal Bf3f4,Bf4f5,Bf5f6][%mdl 32]} Rg6 {[#]} 23. Qf3 $1 Qb3 {[#]} 24. Re3 $1 {[%cal Re3b3]} Qb5 25. f5 Rh6 {Black hopes to continue with ...Nc4.} 26. f6 g6 27. Qg4 Nc4 28. Qg5 $2 (28. Bc1 $18) 28... Nxe3 $4 {[%mdl 8192]} (28... Rh5 $1 $14 29. Nxh5 Ne6) 29. Qxh6 {[%csl Gf6][%cal Rh6g7]} Ne6 {Threatens to win with ...Ng4.} 30. Qxe3 {Precision: White = 69%, Black =  7%.} 1-0

[Event "46th GRE-chT Premier 2018"]
[Site "Rio Achaia"]
[Date "2018.07.11"]
[Round "3"]
[White "Kelires, Andreas"]
[Black "Kuljasevic, Davorin"]
[Result "1/2-1/2"]
[WhiteElo "2530"]
[BlackElo "2545"]
[Annotator "TA"]
[PlyCount "40"]
[EventDate "2018.07.10"]
[EventType "team-tourn"]
[EventCountry "GRE"]
[SourceTitle "playchess.com"]
[Source "ChessBase"]
[SourceQuality "1"]

{[%evp 19,40,-20,-19,-36,-33,-32,-39,-55,-44,-47,-77,-62,-67,-84,-25,-72,0,0,0,-63,0,0,0]} 1. d4 Nf6 2. c4 e6 3. g3 d5 4. Bg2 Bb4+ 5. Bd2 Be7 6. Nf3 O-O 7. O-O Nbd7 8. Qc2 c6 9. a4 {E11: Bogo-Indian} (9. Bf4 b6 10. cxd5 cxd5 11. Rc1 Bb7 12. Qb3 Rc8 13. Rxc8 Qxc8 14. Nc3 Nh5 15. Bg5 Bxg5 16. Nxg5 Nhf6 17. e3 Qb8 18. Bf1 Rc8 {½-½ (56) So,W (2788)-Karjakin,S (2760) London 2017}) 9... a5 10. Nc3 dxc4 {LiveBook: 3 Games} 11. e4 e5 12. dxe5 $146 ({Predecessor:} 12. d5 Qb6 13. Rad1 Bc5 14. Bg5 Re8 15. Qe2 h6 16. Bc1 cxd5 17. Nxd5 Nxd5 18. Rxd5 {0-1 (41) Maslak,A (2205)-Shetty,R (2367) Olomouc 2005}) 12... Ng4 13. e6 fxe6 14. h3 Nge5 15. Nd4 Nc5 16. Be3 Qb6 (16... Ned3 $17) 17. Nce2 Qb4 18. Bd2 $1 {[%cal Rd2b4]} Qb6 19. Be3 $1 Qb4 ({Black should try} 19... Ned3 $15) 20. Bd2 $1 $11 {[%cal Rd2b4]} Qb6 1/2-1/2